000 01423nam0a2200373 4500
001 RU\NLR\bibl\419983
005 20250622173315.0
010 _a5-86894-288-4
_98000
021 _aRU
_b2003-26326
_91223
035 _a(NLR Aleph) 000413920
090 _a652490
_c652490
100 _a20030710d2003 |||y0rusy50 ca
101 0 _arus
102 _aRU
105 _aa |||||||||
200 1 _aРазвиваем внимание
_e[Учеб. пособие для письм. творч. заданий
_e4-6
_fПетраков А. В., Девина И. А.]
210 _aМосква
_cОсь-89
_d2003 (печ. 2002)
215 _a47 с.
_cил.
_d21
300 _aАвт. указаны на обл.
606 0 _aДошкольники
_xРазвитие внимания
_92089887
_3RU\NLR\auth\661265031
610 0 _aВнимание - Развитие у детей дошкольного возраста - Учебно-наглядные пособия
675 _a373.2.025.5
_v3
_zrus
686 _a14.23
_2rugasnti
686 _a74.102
_2rubbk
686 _aЧ411.38
700 1 _aПетраков
_bА. В.
_gАндрей Витальевич
_4070
701 1 _aДевина
_bИ. А.
_gИрина Алексеевна
_4070
801 0 _aRU
_bRKP
_c20030710
_gPSBO
801 1 _aRU
_bRKP
_c20030710
801 2 _aRU
_bNLR
_c20030725
_grcr
942 _cBOOK
980 _aNB